गुलज़ार-ए-मुजतर: (Record no. 183026)

MARC details
000 -LEADER
fixed length control field 00874nam a22001937a 4500
005 - DATE AND TIME OF LATEST TRANSACTION
control field 20211215114049.0
010 ## - LCCN (DPL NO)
LC control number HIN-121395
020 ## - INTERNATIONAL STANDARD BOOK NUMBER
International Standard Book Number 978-93-88356-04-6
Terms of availability 200.00
035 ## - SYSTEM CONTROL NUMBER
System control number HN-93741
037 ## - SOURCE OF ACQUISITION
Source of stock number/acquisition DBAD/PUB
082 ## - DEWEY DECIMAL CLASSIFICATION NUMBER
Classification number 841
Item number 1
245 ## - TITLE STATEMENT
Title गुलज़ार-ए-मुजतर:
Remainder of title इन्तेखाब-ए-कलाम-ए-राम रतन मुजतर/
Statement of responsibility, etc रहमान अखतर द्वारा संपादित
250 ## - EDITION STATEMENT
Edition statement 2018
260 ## - PUBLICATION, DISTRIBUTION, ETC. (IMPRINT)
Place of publication, distribution, etc दिल्ली
Name of publisher, distributor, etc EDUCATIONAL PUBLISHING HOUSE
Date of publication, distribution, etc 2018
270 ## - ADDRESS
Address 3191,VAKIL STREET, KUCHA PANDIT, LAL KUAN
City दिल्ली
Postal code 110006
Telephone number 011-23216162, 011-23214465
Fax number 0091-11-23211540
Electronic mail address info@ephbooks.com, ephindia@gmail.com
300 ## - PHYSICAL DESCRIPTION
Extent 112पृ.
Dimensions 23(अजिल्द)
700 ## - ADDED ENTRY--PERSONAL NAME
Personal name अखतर, रहमान
942 ## - ADDED ENTRY ELEMENTS (KOHA)
Source of classification or shelving scheme Dewey Decimal Classification
Item type Hindi Books
Classification part 841
Call number suffix गुलज़ा
Holdings
Withdrawn status Lost status Not for loan Collection code Home library Current library Date acquired Source of acquisition Cost, normal purchase price Full call number Barcode Copy number Cost, replacement price Koha item type
      Non-fiction Shahdara Branch Shahdara Branch 15/12/2021 DBAD/PUB 200.00 841 गुलज़ा HN-93741 1 200.00 Hindi Books

© Delhi Public Library
Hit Counter
free hit counter